Erfolgreichste Superheldenfilme in Deutschland - Statistiken

Allgemein
  • Dieses Quiz wurde 92 mal gespielt
  • Das Durchschnittsergebnis liegt bei 8 aus 32
Antwortstatistiken
Jahr Zuschauer Film % Korrekt
2002 5.186.528 Spider-Man
83%
2019 5.132.540 Avengers: Endgame
67%
1979 4.153.000 Superman
58%
2008 2.860.247 The Dark Knight
55%
2004 3.291.034 Spider-Man 2
50%
2018 3.457.546 Avengers: Infinity War
49%
2007 3.204.588 Spider-Man 3
49%
2013 1.921.631 Iron Man 3
46%
2015 2.423.753 Avengers: Age of Ultron
42%
2012 3.253.371 The Dark Knight Rises
39%
2021 4.642.933 Spider-Man: No Way Home
38%
2016 2.738.176 Deadpool
30%
2000 2.368.676 X-Men
22%
2018 2.002.344 Aquaman
20%
2018 2.245.955 Deadpool 2
20%
2017 2.516.481 Guardians of the Galaxy Vol. 2
20%
2019 2.080.822 Captain Marvel
18%
2012 2.261.073 Marvel's The Avengers
18%
2023 2.002.576 Guardians of the Galaxy Vol. 3
17%
2003 2.090.609 X-Men 2
13%
2024 3.266.010 Deadpool & Wolverine
12%
2004 3.502.028 Die Unglaublichen – The Incredibles
7%
1998 2.001.916 Blade
5%
2018 2.202.175 Die Unglaublichen 2
4%
2008 3.945.046 Hancock
4%
2022 2.192.209 Doctor Strange in the Multiverse of Madness
1%
2024 4.332.428 Ich – Einfach unverbesserlich 4
1%
1980 3.869.969 Der Supercop
0%
2011 2.576.401 Transformers 3
0%
2014 2.507.802 Transformers: Ära des Untergangs
0%
2009 1.908.646 Transformers: Die Rache
0%
2000 2.413.987 Unbreakable – Unzerbrechlich
0%
Keine übereinstimmenden Quizze gefunden
Verteilung der Resultate
Anzahl Personen mit jedem Resultat
Perzentil nach korrekt beantworteten Fragen
Ihre Resultats-Entwicklung
Sie haben dieses Quiz noch nicht gespielt